Three Word Taylor Swift Song Titles - Statistics

General Stats
  • This quiz has been taken 61 times
  • The average score is 38 of 45
Answer Stats
Album Song % Correct
Taylor Swift Picture to Burn
95%
Taylor Swift Cold As You
93%
1989 Shake It Off
93%
Red All Too Well
90%
reputation Don't Blame Me
90%
folklore my tears ricochet
90%
Taylor Swift Should've Said No
90%
Red Stay Stay Stay
90%
Midnights (3am Edition) The Great War
90%
Speak Now Back To December
88%
The Tortured Poets Department Guilty As Sin?
88%
reputation New Year's Day
88%
Red Sad Beautiful Tragic
88%
1989 (Taylor's Version) Say Don't Go
88%
The Tortured Poets Department So Long, London
88%
The Tortured Poets Department: The Anthology The Black Dog
88%
Red The Last Time (feat. Gary Lightbody)
88%
Red The Lucky One
88%
Midnights (3am Edition) Would've, Could've, Should've
88%
Speak Now Better Than Revenge
86%
Fearless (Taylor's Version) Bye Bye Baby
86%
evermore cowboy like me
86%
Fearless (Taylor's Version) Mr. Perfectly Fine
86%
The Tortured Poets Department: The Anthology So High School
86%
reputation So It Goes...
86%
Red State Of Grace
86%
The Tortured Poets Department: The Anthology thanK you aIMee
86%
Fearless The Best Day
86%
Features Both of Us (with B.o.B)
83%
Fearless Forever & Always
83%
Red (Deluxe Edition) Girl At Home
83%
Red I Almost Do
83%
1989 I Know Places
83%
Speak Now Never Grow Up
83%
Fearless Tell Me Why
83%
Fearless (Taylor's Version) We Were Happy
83%
Fearless Platinum Edition Jump Then Fall
81%
evermore long story short
81%
Fearless You're Not Sorry
81%
Red Everything Has Changed (feat. Ed Sheeran)
79%
Singles Only The Young
79%
Features Highway Don't Care (with Tim McGraw & Keith Urban)
74%
Singles You're Losing Me
67%
Singles Christmas Tree Farm
57%
Singles Sweeter Than Fiction
57%
No matching quizzes found
Score Distribution
Percent of People with Each Score
Percentile by Number Answered
Your Score History
You have not taken this quiz